La production primaire : recueil de 17 documents et d'exercices s' y rapportant por le travail individualise des eleves

Αποθηκεύτηκε σε:
Λεπτομέρειες βιβλιογραφικής εγγραφής
Κύριος συγγραφέας: Meleard, Andre
Άλλοι συγγραφείς: Gourlaouen, Joseph, Fauquet, Michel
Μορφή: Βιβλίο
Γλώσσα:French
Δημοσίευση: Amiens : Centre regional de documentation pedagogigue, c1990
Σειρά:Interactions et environnement ; ; 2
Θέματα:
Ετικέτες: Προσθήκη ετικέτας
Δεν υπάρχουν, Καταχωρήστε ετικέτα πρώτοι!

MARC

LEADER 00000nam a2200000 i 4500
001 1/11561
008 000913s1990 fre d
020 |a 2-86615-046-5 
035 |l 10063877 
040 |a GR-MY-UA  |b gre  |e aacr 
041 0 |a fre 
082 0 |a 577.15 
100 1 |a Meleard, Andre. 
245 1 3 |a La production primaire :  |b recueil de 17 documents et d'exercices s' y rapportant por le travail individualise des eleves /  |c Andre Meleard ; introduction de Joseph Gourlaouen et de Michel Fauquet 
260 |a Amiens :   |b Centre regional de documentation pedagogigue,   |c c1990 
300 |a 16;  |c 30 cm 
490 1 |a Interactions et environnement  |v ; 2 
500 |a Production et productivite, production des ecosystemes forestiers, production des agroecosystemes, productions des ecosystemes marins 
650 0 0 |a Economic development  |x Environmental aspects. 
650 0 0 |a Primary productivity (Biology) 
700 1 |a Gourlaouen, Joseph. 
700 1 |a Fauquet, Michel. 
830 0 |a Interactions et environnement ;  |v ; 2 
852 |a INST  |b RHODES  |e 20000913  |h 577.15 MEL  |p 005400013812  |q 005400013812  |t BK  |y 0 
909 |a Ρ  |b 022244 
922 |a 4ΕΛΗ  |b 199205 
970 |z 2000/09/ΧΡΥΣΑΝΘΗ